[Event "AUT-chT2W 0607"]
[Site "Austria"]
[Date "2006.10.21"]
[Round "1"]
[White "Doskocil, Klaus"]
[Black "Jakubovic, Nedzad"]
[Result "0-1"]
[WhiteElo "2146"]
[BlackElo "2394"]
[PlyCount "100"]
[EventDate "2006.10.21"]
[EventType "team"]
[EventRounds "11"]
[EventCountry "AUT"]
[SourceTitle "EXT 2007"]
[Source "ChessBase"]
[SourceDate "2006.11.23"]
[SourceVersion "1"]
[SourceVersionDate "2006.11.23"]
[SourceQuality "1"]

1. e4 e5 2. Nf3 Nc6 3. Bb5 g6 4. 0-0 Bg7 5. c3 Nge7 6. d4 exd4 7. cxd4 d5 8. e5 0-0 9. h3 h6 10. Nc3 Be6 11. Re1 a6 12. Bf1 b5 13. Ne2 Qd7 14. Nf4 Bf5 15. Be3 Nd8 16. Rc1 Ne6 17. g4 Nxf4 18. gxf5 Qxf5 19. Rxc7 Rfe8 20. Bxf4 Qxf4 21. Bg2 Rac8 22. Qc1 Qf5 23. b4 Bf8 24. Rc5 Qe6 25. Re3 Nf5 26. Rxc8 Rxc8 27. Rc3 Rc4 28. Bf1 Bxb4 29. Bxc4 Bxc3 30. Bxd5 Qxd5 31. Qxc3 Qxa2 32. Qc8+ Kg7 33. Qd8 Qb1+ 34. Kg2 Qe4 35. d5 g5 36. Qf6+ Kg8 37. e6 Nh4+ 38. Kg3 Nf5+ 39. Kg2 fxe6 40. dxe6 Nh4+ 41. Kf1 Qd3+ 42. Kg1 Nxf3+ 43. Kg2 Nh4+ 44. Kh2 Qf3 45. Qd8+ Kg7 46. Qe7+ Kg6 47. Qe8+ Kf6 48. Qf7+ Ke5 49. Qxf3 Nxf3+ 50. Kg3 Kxe6 0-1

[Event "Schwarzach op"]
[Site "Schwarzach"]
[Date "2005.08.??"]
[Round "8"]
[White "Hess, Christian"]
[Black "Jakubovic, Nedzad"]
[Result "0-1"]
[WhiteElo "2119"]
[BlackElo "2379"]
[PlyCount "106"]
[EventDate "2005.08.??"]
[EventType "swiss"]
[EventRounds "9"]
[EventCountry "AUT"]
[SourceTitle "EXT 2007"]
[Source "ChessBase"]
[SourceDate "2006.11.23"]
[SourceVersion "1"]
[SourceVersionDate "2006.11.23"]
[SourceQuality "1"]

1. Nf3 Nf6 2. c4 g6 3. Nc3 Bg7 4. e4 d6 5. d4 0-0 6. Be2 e5 7. d5 a5 8. Be3 Ng4 9. Bg5 f6 10. Bh4 Na6 11. Nd2 Nh6 12. f3 Bd7 13. 0-0 Qe8 14. a3 b6 15. Bf2 f5 16. Nb5 f4 17. b4 g5 18. bxa5 bxa5 19. a4 Qg6 20. h3 Rf7 21. Nb3 Bf8 22. c5 Rg7 23. c6 Bc8 24. Na7 Rxa7 25. Bxa7 Nf7 26. Nxa5 h5 27. Kf2 g4 28. hxg4 hxg4 29. Ke1 Ng5 30. Qb1 Rh7 31. Nb7 Rh2 32. Rg1 Nc5 33. Bxc5 dxc5 34. d6 cxd6 35. fxg4 f3 36. gxf3 Qh6 37. Qd3 Nh3 38. Rf1 Nf4 39. Qb3+ Be6 40. Bc4 Ng2+ 41. Ke2 Ne3+ 42. Kd3 Bxc4+ 43. Qxc4+ Nxc4 44. Kxc4 d5+ 45. exd5 Qf4+ 46. Kb5 Rb2+ 47. Ka6 Qc4+ 48. Ka7 Qxd5 49. Rfb1 Rxb1 50. Rxb1 Qxc6 51. a5 c4 52. a6 c3 53. Rb6 Qc7 0-1

[Event "Subasic Memorial 1st"]
[Site "Zenica"]
[Date "2002.12.15"]
[Round "9"]
[White "Sebestyen, Balazs"]
[Black "Jakubovic, Nedzad"]
[Result "0-1"]
[WhiteElo "2322"]
[BlackElo "2403"]
[PlyCount "76"]
[EventDate "2002.12.09"]
[EventType "tourn"]
[EventRounds "9"]
[EventCountry "BIH"]
[EventCategory "4"]
[SourceTitle "CBM 091 Extra"]
[Source "ChessBase"]
[SourceDate "2003.01.09"]
[SourceVersion "1"]
[SourceVersionDate "2003.01.09"]
[SourceQuality "1"]

1. d4 Nf6 2. Nc3 d5 3. Bg5 g6 4. Qd2 Bg7 5. 0-0-0 h6 6. Bf4 c6 7. f3 b5 8. e3 Be6 9. g4 Nbd7 10. Bd3 Nb6 11. Kb1 a5 12. h4 b4 13. Nce2 Nc4 14. Qe1 Qb6 15. Nc1 Nd7 16. Nge2 a4 17. Rh2 Ra7 18. Qf2 Nxb2 19. Kxb2 c5 20. e4 cxd4 21. e5 Nxe5 22. Bxe5 Bxe5 23. f4 Bf6 24. f5 gxf5 25. gxf5 Bc8 26. Kb1 Bd7 27. Rg2 Bc6 28. Nf4 Kd7 29. Rdg1 Rha8 30. Qf3 b3 31. cxb3 axb3 32. axb3 Ra1+ 33. Kc2 Qc5+ 34. Kd2 Qc3+ 35. Ke2 R8a2+ 36. Nxa2 Rxa2+ 37. Bc2 Qxc2+ 38. Ke1 Ra1+ 0-1

[Event "Subasic Memorial 1st"]
[Site "Zenica"]
[Date "2002.12.14"]
[Round "8"]
[White "Jakubovic, Nedzad"]
[Black "Muratovic, Enver"]
[Result "1-0"]
[WhiteElo "2403"]
[BlackElo "2314"]
[PlyCount "105"]
[EventDate "2002.12.09"]
[EventType "tourn"]
[EventRounds "9"]
[EventCountry "BIH"]
[EventCategory "4"]
[SourceTitle "CBM 091 Extra"]
[Source "ChessBase"]
[SourceDate "2003.01.09"]
[SourceVersion "1"]
[SourceVersionDate "2003.01.09"]
[SourceQuality "1"]

1. b3 e5 2. Bb2 Nc6 3. e3 Nf6 4. Bb5 d6 5. Ne2 a6 6. Bxc6+ bxc6 7. 0-0 Be7 8. c4 a5 9. Nbc3 d5 10. d4 e4 11. Rc1 Bd6 12. h3 Rb8 13. cxd5 cxd5 14. Nf4 Ba6 15. Re1 c6 16. Na4 Bb4 17. Bc3 Ba3 18. Ra1 Nd7 19. Qg4 g6 20. Nc5 Bc8 21. Qg3 0-0 22. Nh5 Rb5 23. Re2 Re8 24. Rf1 Rxc5 25. dxc5 Ba6 26. Rc2 Bxf1 27. Kxf1 f6 28. Bd4 Kf7 29. Nf4 Qe7 30. Qh4 Kg8 31. Ne2 Bxc5 32. Bxc5 Nxc5 33. Nd4 Qd6 34. Qg3 Re5 35. Kg1 Kf8 36. a3 Kf7 37. b4 axb4 38. axb4 Nd7 39. Nxc6 Nb6 40. Nxe5+ fxe5 41. Rc5 Nd7 42. Ra5 Qxb4 43. Rxd5 Nf6 44. Rxe5 h6 45. Qf4 g5 46. Qf5 Qb1+ 47. Kh2 Qb8 48. g3 Qb2 49. Rxe4 h5 50. Re6 g4 51. e4 Kg7 52. e5 Ng8 53. Rg6+ 1-0

[Event "Subasic Memorial 1st"]
[Site "Zenica"]
[Date "2002.12.13"]
[Round "7"]
[White "Bajramovic, Halid"]
[Black "Jakubovic, Nedzad"]
[Result "1-0"]
[WhiteElo "2275"]
[BlackElo "2403"]
[PlyCount "109"]
[EventDate "2002.12.09"]
[EventType "tourn"]
[EventRounds "9"]
[EventCountry "BIH"]
[EventCategory "4"]
[SourceTitle "CBM 091 Extra"]
[Source "ChessBase"]
[SourceDate "2003.01.09"]
[SourceVersion "1"]
[SourceVersionDate "2003.01.09"]
[SourceQuality "1"]

1. Nf3 Nf6 2. d4 g6 3. b3 Bg7 4. Bb2 0-0 5. Nbd2 d6 6. g3 Nc6 7. Bg2 e5 8. dxe5 Ng4 9. 0-0 Ngxe5 10. Nxe5 Nxe5 11. Nc4 Nxc4 12. Bxg7 Kxg7 13. bxc4 Qf6 14. Rb1 Rb8 15. Rb3 b6 16. Qd2 a5 17. Rfb1 Be6 18. Bd5 Rbe8 19. Rf3 Qd8 20. Bc6 Re7 21. Rf4 f6 22. h4 Bd7 23. Bd5 Re5 24. Rb3 Qe7 25. Bf3 h6 26. Rd4 g5 27. e3 f5 28. Rbd3 Be6 29. Bd5 c5 30. f4 cxd4 31. fxe5 Bxd5 32. cxd5 dxe5 33. exd4 e4 34. Rc3 f4 35. Rc6 Rf6 36. Qc3 Kg6 37. hxg5 hxg5 38. gxf4 gxf4 39. Qh3 Rxc6 40. Qg4+ Kh7 41. dxc6 Qb4 42. Qf5+ Kg7 43. Qxe4 Qb1+ 44. Kf2 Qc1 45. Kf3 Qf1+ 46. Kg4 Qg1+ 47. Kxf4 Qf2+ 48. Ke5 Qf6+ 49. Kd5 Qd8+ 50. Kc4 b5+ 51. Kxb5 Qb8+ 52. Kxa5 Qa7+ 53. Kb5 Qxa2 54. Qe7+ Kg6 55. Qc5 1-0

[Event "BIH-chT2"]
[Site "Neum"]
[Date "2002.08.24"]
[Round "1"]
[White "Muratovic, Efim"]
[Black "Jakubovic, Nedzad"]
[Result "1-0"]
[WhiteElo "2336"]
[BlackElo "2395"]
[PlyCount "53"]
[EventDate "2002.08.24"]
[EventType "team"]
[EventRounds "9"]
[EventCountry "BIH"]
[SourceTitle "EXT 2003"]
[Source "ChessBase"]
[SourceDate "2002.11.25"]
[SourceVersion "1"]
[SourceVersionDate "2002.11.25"]
[SourceQuality "1"]

1. Nf3 Nf6 2. c4 g6 3. g3 Bg7 4. Bg2 0-0 5. 0-0 d6 6. d4 c6 7. Nc3 a6 8. Qb3 Ra7 9. e4 b5 10. e5 Ne8 11. cxb5 axb5 12. Re1 Na6 13. a3 Nec7 14. exd6 exd6 15. Bg5 Bf6 16. Bxf6 Qxf6 17. Qc2 Bb7 18. Qd2 c5 19. d5 Rd8 20. Ne4 Qg7 21. Qg5 Raa8 22. Nf6+ Kh8 23. Re7 h6 24. Qh4 Bxd5 25. Ng5 Bb3 26. Nxf7+ Bxf7 27. Rxf7 1-0

[Event "Kastav Hotel Opatija 12"]
[Site "Kastav"]
[Date "2000.12.19"]
[Round "7"]
[White "Rukavina, Josip"]
[Black "Jakubovic, Nedzad"]
[Result "1/2-1/2"]
[WhiteElo "2425"]
[BlackElo "2388"]
[PlyCount "106"]
[EventDate "2000.12.12"]
[EventType "tourn"]
[EventRounds "9"]
[EventCountry "CRO"]
[EventCategory "9"]
[SourceTitle "EXT 2002"]
[Source "ChessBase"]
[SourceDate "2001.11.25"]
[SourceVersion "1"]
[SourceVersionDate "2001.11.25"]
[SourceQuality "1"]

1. d4 Nf6 2. c4 g6 3. Nc3 Bg7 4. e4 d6 5. Nge2 c6 6. Bg5 0-0 7. Qd2 Re8 8. Ng3 a6 9. Rc1 b5 10. b3 Nfd7 11. Be2 b4 12. Nd1 a5 13. 0-0 c5 14. d5 a4 15. Rb1 axb3 16. axb3 Ra3 17. Bh6 Bh8 18. h3 Qa5 19. Bd3 Ra2 20. Bc2 Nb6 21. Ne3 N8d7 22. Ne2 Ba6 23. Kh1 Ne5 24. Nc1 Ra1 25. f4 Nexc4 26. bxc4 Rxb1 27. Bxb1 Nxc4 28. Nxc4 Bxc4 29. Bd3 Qb5 30. f5 b3 31. fxg6 hxg6 32. Qf2 Bf6 33. e5 dxe5 34. Bxc4 Qxc4 35. d6 Qd5 36. dxe7 Bxe7 37. Ne2 b2 38. Nc3 Qb3 39. Qf3 e4 40. Qf4 Rd8 41. Qe5 Bf8 42. Bxf8 Rxf8 43. h4 Qe6 44. Qxe6 fxe6 45. Rxf8+ Kxf8 46. g4 Ke7 47. Kg2 Kf6 48. Kf2 Ke5 49. Ke3 c4 50. Nb1 Kd6 51. h5 gxh5 52. gxh5 Ke5 53. h6 Kf6 1/2-1/2

[Event "Kastav Hotel Opatija 12"]
[Site "Kastav"]
[Date "2000.12.17"]
[Round "5"]
[White "Inkiov, Ventzislav"]
[Black "Jakubovic, Nedzad"]
[Result "1-0"]
[WhiteElo "2416"]
[BlackElo "2388"]
[PlyCount "81"]
[EventDate "2000.12.12"]
[EventType "tourn"]
[EventRounds "9"]
[EventCountry "CRO"]
[EventCategory "9"]
[SourceTitle "EXT 2002"]
[Source "ChessBase"]
[SourceDate "2001.11.25"]
[SourceVersion "1"]
[SourceVersionDate "2001.11.25"]
[SourceQuality "1"]

1. d4 Nf6 2. c4 g6 3. Nc3 Bg7 4. e4 d6 5. f4 0-0 6. Nf3 c5 7. d5 e6 8. dxe6 Bxe6 9. Bd3 Re8 10. 0-0 Bg4 11. h3 Bxf3 12. Qxf3 Nc6 13. g4 Nd7 14. g5 f6 15. h4 Rf8 16. Qh3 Nd4 17. Ne2 fxg5 18. hxg5 Qe7 19. Nc3 Nb6 20. Kg2 Rf7 21. f5 Be5 22. f6 Qd7 23. Rh1 Qxh3+ 24. Rxh3 Ne6 25. Nd5 Nxd5 26. exd5 Nf8 27. Rb1 h5 28. Bd2 Rc7 29. a3 Kf7 30. b4 Nd7 31. Re1 a6 32. Rhe3 b5 33. Re4 Rac8 34. Rc1 cxb4 35. axb4 Nb6 36. c5 Nxd5 37. Bc2 Kf8 38. Bb3 Nxb4 39. Bxb4 dxc5 40. Ba5 c4 41. Rxe5 1-0

[Event "Kastav Hotel Opatija 12"]
[Site "Kastav"]
[Date "2000.12.12"]
[Round "1"]
[White "Jakubovic, Nedzad"]
[Black "Bistric, Faruk"]
[Result "1-0"]
[WhiteElo "2388"]
[BlackElo "2451"]
[PlyCount "61"]
[EventDate "2000.12.12"]
[EventType "tourn"]
[EventRounds "9"]
[EventCountry "CRO"]
[EventCategory "9"]
[SourceTitle "EXT 2002"]
[Source "ChessBase"]
[SourceDate "2001.11.25"]
[SourceVersion "1"]
[SourceVersionDate "2001.11.25"]
[SourceQuality "1"]

1. e4 c5 2. Nc3 Nc6 3. f4 g6 4. Nf3 Bg7 5. Bc4 e6 6. f5 Nge7 7. fxe6 dxe6 8. d3 Nd4 9. 0-0 0-0 10. Nxd4 cxd4 11. Ne2 Nc6 12. Qe1 Bd7 13. Bd2 Rc8 14. h3 Qe7 15. b4 Ne5 16. Bb3 b5 17. a3 h6 18. Nf4 Kh7 19. Qg3 Bh8 20. Rae1 g5 21. Ne2 Ng6 22. Qf3 Bc6 23. g3 Qd6 24. Qh5 f6 25. h4 Kg7 26. Rf3 Be8 27. hxg5 hxg5 28. Qg4 Bd7 29. Ref1 Qe7 30. R1f2 Rce8 31. Rg2 1-0

[Event "Pula zt 1.2"]
[Site "Pula"]
[Date "2000.04.20"]
[Round "9"]
[White "Forster, Richard"]
[Black "Jakubovic, Nedzad"]
[Result "1/2-1/2"]
[WhiteElo "2462"]
[BlackElo "2368"]
[PlyCount "50"]
[EventDate "2000.04.11"]
[EventType "swiss"]
[EventRounds "11"]
[EventCountry "CRO"]
[SourceTitle "CBM 077"]
[Source "ChessBase"]
[SourceDate "2000.07.27"]
[SourceVersion "1"]
[SourceVersionDate "2000.07.27"]
[SourceQuality "1"]

1. e4 e5 2. Nf3 Nc6 3. Bb5 a6 4. Ba4 Nf6 5. 0-0 Be7 6. Re1 b5 7. Bb3 0-0 8. d4 d6 9. c3 Bg4 10. d5 Na5 11. Bc2 Nc4 12. a4 c6 13. b3 Nb6 14. a5 Nbd7 15. h3 Bxf3 16. Qxf3 c5 17. Nd2 g6 18. Nf1 Nh5 19. g3 Bg5 20. Ne3 Ng7 21. h4 Bh6 22. Bd3 f5 23. exf5 Bxe3 24. Bxe3 Nxf5 25. h5 Ng7 1/2-1/2

[Event "Pula zt 1.2"]
[Site "Pula"]
[Date "2000.04.16"]
[Round "6"]
[White "Jakubovic, Nedzad"]
[Black "Mohr, Georg"]
[Result "0-1"]
[WhiteElo "2368"]
[BlackElo "2488"]
[PlyCount "80"]
[EventDate "2000.04.11"]
[EventType "swiss"]
[EventRounds "11"]
[EventCountry "CRO"]
[SourceTitle "CBM 077"]
[Source "ChessBase"]
[SourceDate "2000.07.27"]
[SourceVersion "1"]
[SourceVersionDate "2000.07.27"]
[SourceQuality "1"]

1. e4 g6 2. d4 Bg7 3. Nc3 c6 4. Nf3 d5 5. e5 Bg4 6. h3 Bxf3 7. Qxf3 e6 8. Nd1 c5 9. Qb3 Nc6 10. c3 Qc7 11. Be3 Nge7 12. g4 0-0 13. f4 f6 14. Be2 fxe5 15. fxe5 Rf7 16. Rc1 Raf8 17. Rc2 a6 18. Kd2 b5 19. Qa3 c4 20. b4 a5 21. bxa5 Ra8 22. Rf1 Rxa5 23. Qb2 Nc8 24. Rxf7 Qxf7 25. Qb1 Nb6 26. Rb2 Na7 27. Nf2 Na4 28. Rc2 g5 29. h4 Nc6 30. a3 Bf8 31. Ra2 Nxc3 32. Kxc3 Bxa3 33. Kd2 b4 34. Nh3 b3 35. Ra1 Qa7 36. Kd1 Nxd4 37. Nxg5 c3 38. Qd3 c2+ 39. Ke1 b2 40. Rb1 c1Q+ 0-1

[Event "Pula zt 1.2"]
[Site "Pula"]
[Date "2000.04.15"]
[Round "5"]
[White "Stanec, Nikolaus"]
[Black "Jakubovic, Nedzad"]
[Result "1/2-1/2"]
[WhiteElo "2479"]
[BlackElo "2368"]
[PlyCount "63"]
[EventDate "2000.04.11"]
[EventType "swiss"]
[EventRounds "11"]
[EventCountry "CRO"]
[SourceTitle "CBM 077"]
[Source "ChessBase"]
[SourceDate "2000.07.27"]
[SourceVersion "1"]
[SourceVersionDate "2000.07.27"]
[SourceQuality "1"]

1. d4 Nf6 2. c4 g6 3. Nc3 Bg7 4. e4 d6 5. Be2 0-0 6. Nf3 e5 7. 0-0 Nc6 8. d5 Ne7 9. b4 Nd7 10. a4 h6 11. Ba3 f5 12. Nd2 Nf6 13. c5 g5 14. b5 fxe4 15. Ndxe4 Nf5 16. Rc1 dxc5 17. Nxc5 Nd4 18. Bc4 Re8 19. d6+ Kh8 20. dxc7 Qxc7 21. N3e4 Bf5 22. Bd3 Qe7 23. Nxf6 Bxf6 24. Bxf5 Nxf5 25. Ne4 Qxa3 26. Nxf6 Re6 27. Ne4 Nd4 28. Nc5 Qxc1 29. Qxc1 Ne2+ 30. Kh1 Nxc1 31. Nxe6 Nd3 32. Kg1 1/2-1/2

[Event "Pula zt 1.2"]
[Site "Pula"]
[Date "2000.04.13"]
[Round "3"]
[White "Palac, Mladen"]
[Black "Jakubovic, Nedzad"]
[Result "1-0"]
[WhiteElo "2570"]
[BlackElo "2368"]
[PlyCount "81"]
[EventDate "2000.04.11"]
[EventType "swiss"]
[EventRounds "11"]
[EventCountry "CRO"]
[SourceTitle "CBM 077"]
[Source "ChessBase"]
[SourceDate "2000.07.27"]
[SourceVersion "1"]
[SourceVersionDate "2000.07.27"]
[SourceQuality "1"]

1. e4 e5 2. Nf3 Nc6 3. Bb5 a6 4. Ba4 Nf6 5. 0-0 Be7 6. Re1 b5 7. Bb3 0-0 8. a4 Bb7 9. d3 d6 10. Bd2 b4 11. c3 bxc3 12. bxc3 Na5 13. Ba2 c5 14. Na3 Rb8 15. Qc2 Qc7 16. Nc4 h6 17. Nxa5 Qxa5 18. Bc4 Nd7 19. Reb1 Bc6 20. d4 Nf6 21. d5 Bd7 22. Be1 Rxb1 23. Qxb1 Ra8 24. Bd3 Qc7 25. Nd2 Rb8 26. Qc2 a5 27. Nc4 Bd8 28. Na3 Be8 29. Bb5 Bxb5 30. axb5 c4 31. Qe2 Rc8 32. f3 Nd7 33. Bf2 Nb6 34. Kf1 Na4 35. Nb1 Nb6 36. Rxa5 Nxd5 37. Ra7 Qb8 38. exd5 Qxb5 39. Qd1 f5 40. Na3 Qb8 41. Qb1 1-0

[Event "BIH-chT"]
[Site "Neum"]
[Date "2000.??.??"]
[Round "7"]
[White "Jakubovic, Nedzad"]
[Black "Burovic, Ismet"]
[Result "1/2-1/2"]
[WhiteElo "2388"]
[BlackElo "2380"]
[PlyCount "45"]
[EventDate "2000.08.25"]
[EventType "team"]
[EventRounds "9"]
[EventCountry "BIH"]
[SourceTitle "EXT 2006"]
[Source "ChessBase"]
[SourceDate "2005.11.24"]
[SourceVersion "1"]
[SourceVersionDate "2005.11.24"]
[SourceQuality "1"]

1. b3 e5 2. Bb2 Nc6 3. e3 Nf6 4. Bb5 e4 5. Nh3 a6 6. Be2 d5 7. Nf4 Bd6 8. 0-0 Ne5 9. d3 Bf5 10. Nd2 Qe7 11. Nxd5 Nxd5 12. dxe4 Nxe3 13. fxe3 Bg6 14. Bf3 0-0-0 15. Qe2 f6 16. Rad1 Kb8 17. Nc4 Nxc4 18. Qxc4 Rhe8 19. Rfe1 Bxe4 20. Qxe4 Qxe4 21. Bxe4 Rxe4 22. Ba3 Re6 23. Rd3 1/2-1/2

[Event "BIH-chT"]
[Site "Bihac"]
[Date "1999.08.25"]
[Round "5"]
[White "Sokolov, Ivan"]
[Black "Jakubovic, Nedzad"]
[Result "1-0"]
[WhiteElo "2656"]
[BlackElo "2350"]
[PlyCount "117"]
[EventDate "1999.08.21"]
[EventType "team"]
[EventRounds "9"]
[EventCountry "BIH"]
[SourceTitle "EXT 2000"]
[Source "ChessBase"]
[SourceDate "1999.11.16"]
[SourceVersion "1"]
[SourceVersionDate "1999.11.16"]
[SourceQuality "1"]

1. d4 Nf6 2. c4 g6 3. Nc3 Bg7 4. e4 d6 5. Nf3 0-0 6. Be2 e5 7. d5 a5 8. Bg5 h6 9. Bh4 Qe8 10. Nd2 Nh7 11. a3 Bd7 12. b4 h5 13. f3 Bh6 14. Bf2 Qe7 15. Nb3 a4 16. Nd2 f5 17. c5 Nf6 18. Bd3 Na6 19. c6 bxc6 20. dxc6 Bxc6 21. b5 fxe4 22. Ndxe4 Bxe4 23. Nxe4 Nc5 24. Nxc5 dxc5 25. 0-0 e4 26. Bxe4 Nxe4 27. Qd5+ Kh8 28. Rae1 Rad8 29. Qxe4 Qxe4 30. Rxe4 Rb8 31. Rb1 Rf6 32. Bxc5 Rf5 33. Bd4+ Bg7 34. Bxg7+ Kxg7 35. Re7+ Rf7 36. Rxf7+ Kxf7 37. Rc1 Rxb5 38. Rxc7+ Kf6 39. Rc4 Rb1+ 40. Kf2 Rb2+ 41. Kg3 Ra2 42. Rxa4 Kf5 43. Ra5+ Kf6 44. a4 Ke6 45. Ra7 Kf6 46. a5 Ke6 47. a6 Kf6 48. Ra8 Kg7 49. f4 Kh7 50. Kf3 Ra3+ 51. Ke4 Ra2 52. a7 Kg7 53. g3 Ra4+ 54. Kd5 Ra1 55. h3 Rd1+ 56. Kc4 Rc1+ 57. Kb3 Ra1 58. g4 hxg4 59. hxg4 1-0

[Event "Pula op 13th"]
[Site "Pula"]
[Date "1999.06.01"]
[Round "4"]
[White "Golubovic, Boris"]
[Black "Jakubovic, Nedzad"]
[Result "1/2-1/2"]
[WhiteElo "2450"]
[BlackElo "2250"]
[PlyCount "36"]
[EventDate "1999.05.??"]
[EventType "swiss"]
[EventRounds "9"]
[EventCountry "CRO"]
[SourceTitle "EXT 2000"]
[Source "ChessBase"]
[SourceDate "1999.11.16"]
[SourceVersion "1"]
[SourceVersionDate "1999.11.16"]
[SourceQuality "1"]

1. e4 e5 2. Nf3 Nc6 3. d4 exd4 4. Nxd4 Bc5 5. Nxc6 Qf6 6. Qd2 dxc6 7. Nc3 Bd7 8. Na4 Bd6 9. f4 Nh6 10. Bd3 0-0 11. Nc3 Rfe8 12. 0-0 Ng4 13. Qe1 Bc5+ 14. Kh1 Nxh2 15. Kxh2 Qh6+ 16. Kg3 Qg6+ 17. Kh2 Qh5+ 18. Kg3 Qg4+ 1/2-1/2

[Event "Kastav Hotel Opatija"]
[Site "Kastav"]
[Date "1999.04.30"]
[Round "9"]
[White "Drei, Andrea"]
[Black "Jakubovic, Nedzad"]
[Result "0-1"]
[WhiteElo "2349"]
[BlackElo "2250"]
[PlyCount "52"]
[EventDate "1999.04.??"]
[EventType "tourn"]
[EventRounds "11"]
[EventCountry "CRO"]
[EventCategory "4"]
[SourceTitle "CBM 070 Extra"]
[Source "ChessBase"]
[SourceDate "1999.07.10"]
[SourceVersion "1"]
[SourceVersionDate "1999.07.10"]
[SourceQuality "1"]

1. e4 e5 2. Nf3 Nc6 3. Bb5 a6 4. Ba4 Nf6 5. 0-0 Be7 6. Re1 b5 7. Bb3 0-0 8. a4 Bb7 9. d3 d6 10. Nc3 b4 11. Nd5 Nxd5 12. Bxd5 Rb8 13. Bd2 Bf6 14. c3 bxc3 15. Bxc3 Nb4 16. Bxb4 Bxd5 17. Ba5 Bb3 18. Qc1 Rb7 19. Qc6 Qb8 20. Rec1 Rc8 21. Rc3 Be6 22. b4 Rb6 23. Bxb6 cxb6 24. Rac1 Rxc6 25. Rxc6 h6 26. R1c3 Kh7 0-1

[Event "Kastav Hotel Opatija"]
[Site "Kastav"]
[Date "1999.04.25"]
[Round "2"]
[White "Jelen, Igor"]
[Black "Jakubovic, Nedzad"]
[Result "0-1"]
[WhiteElo "2389"]
[BlackElo "2250"]
[PlyCount "120"]
[EventDate "1999.04.??"]
[EventType "tourn"]
[EventRounds "11"]
[EventCountry "CRO"]
[EventCategory "4"]
[SourceTitle "CBM 070 Extra"]
[Source "ChessBase"]
[SourceDate "1999.07.10"]
[SourceVersion "1"]
[SourceVersionDate "1999.07.10"]
[SourceQuality "1"]

1. d4 Nf6 2. c4 g6 3. Nc3 Bg7 4. e4 d6 5. Nf3 0-0 6. Be2 e5 7. 0-0 Nc6 8. d5 Ne7 9. b4 Ne8 10. c5 h6 11. Nd2 f5 12. f3 f4 13. Nc4 g5 14. a4 Ng6 15. Ba3 Rf7 16. b5 Bf8 17. a5 b6 18. cxb6 cxb6 19. Bb4 Rb8 20. axb6 axb6 21. Na4 Nf6 22. Rc1 g4 23. fxg4 Rg7 24. Ncxb6 Nxe4 25. Qc2 Nc5 26. Bxc5 dxc5 27. Nxc8 Rxc8 28. Qc4 Kh8 29. Nc3 h5 30. gxh5 Nh4 31. Bf3 Qg5 32. Qe2 Nf5 33. Ne4 Qh6 34. Ra1 Be7 35. Ra6 Qh7 36. Rfa1 Nd4 37. Qf1 Rcg8 38. Ra8 Nf5 39. R1a2 Ne3 40. Qa1 Qf5 41. Rxg8+ Rxg8 42. d6 Bd8 43. Kh1 c4 44. d7 Qxd7 45. Qxe5+ Qg7 46. Qxf4 Bb6 47. h4 Rf8 48. Qd6 Bc7 49. Qg6 Be5 50. Qxg7+ Bxg7 51. Nc5 c3 52. b6 c2 53. Nb3 Be5 54. b7 Kg7 55. Ra8 Bb8 56. Kg1 Rd8 57. Kf2 Nd1+ 58. Kf1 Nc3 59. Kf2 Nd1+ 60. Ke2 Nc3+ 0-1